[Event "Ulm/Neu Ulm-ch"]
[Site "Ulm/Neu Ulm"]
[Date "2009.10.16"]
[Round "3"]
[White "Smolny, Frieder"]
[Black "Heinrich, Klaus"]
[Result "1-0"]
[WhiteElo "1970"]
[BlackElo "1829"]
[PlyCount "63"]
[EventDate "2009.09.18"]
[EventType "swiss"]
[EventRounds "5"]
[EventCountry "GER"]
[SourceTitle "EXT 2011"]
[Source "ChessBase"]
[SourceDate "2010.11.26"]
[SourceVersion "1"]
[SourceVersionDate "2010.11.26"]
[SourceQuality "1"]

1. e4 d5 2. exd5 Qxd5 3. Nc3 Qd6 4. d4 a6 5. g3 Nf6 6. Bf4 Qd8 7. Bg2 h6 8. Nge2 Nbd7 9. Qd2 g5 10. Be3 Ng4 11. 0-0-0 Nb6 12. Qd3 Nxe3 13. fxe3 Bg7 14. Bf3 h5 15. h3 Qd6 16. a3 Rb8 17. e4 Qh6 18. Kb1 Qg6 19. h4 Bg4 20. Bxg4 hxg4 21. hxg5 Rxh1 22. Rxh1 Qxg5 23. Nf4 Rd8 24. Rh5 Qf6 25. e5 Qc6 26. Qh7 Bf8 27. d5 Nxd5 28. Nfxd5 e6 29. Nf6+ Ke7 30. Rh1 b5 31. Rf1 Qc4 32. Nfd5+ 1-0

[Event "Ulm/Neu Ulm-ch"]
[Site "Ulm/Neu Ulm"]
[Date "2008.11.14"]
[Round "5"]
[White "Heinrich, Klaus"]
[Black "Foerderreuther, Jonas"]
[Result "1-0"]
[WhiteElo "1710"]
[BlackElo "1510"]
[PlyCount "111"]
[EventDate "2008.09.19"]
[EventType "swiss"]
[EventRounds "7"]
[EventCountry "GER"]
[SourceTitle "EXT 2011"]
[Source "ChessBase"]
[SourceDate "2010.11.26"]
[SourceVersion "1"]
[SourceVersionDate "2010.11.26"]
[SourceQuality "1"]

1. f4 Nf6 2. Nf3 g6 3. e3 Bg7 4. c3 d6 5. Bc4 0-0 6. 0-0 Nbd7 7. d3 e5 8. e4 c6 9. Bb3 Nc5 10. Kh1 Nxb3 11. Qxb3 Qe7 12. fxe5 dxe5 13. Bg5 h6 14. Bh4 Be6 15. Qc2 Qd6 16. Nbd2 Ng4 17. Rae1 g5 18. Bg3 f5 19. exf5 Bxf5 20. Ne4 Qg6 21. h3 Qh5 22. Kg1 Nf6 23. Nxf6+ Bxf6 24. Bxe5 Qg6 25. Qb3+ Qf7 26. Qxf7+ Rxf7 27. Bxf6 Rxf6 28. Nd4 Raf8 29. Nxf5 Rxf5 30. Rxf5 Rxf5 31. Re7 Rb5 32. Re2 Kf7 33. Kf1 Rd5 34. d4 c5 35. dxc5 Rxc5 36. Rd2 Ke6 37. Ke2 b5 38. Rd4 a5 39. Kd3 Ke5 40. a4 bxa4 41. Rxa4 Rb5 42. b4 axb4 43. Rxb4 Rc5 44. Rd4 h5 45. g3 Rc6 46. c4 Ra6 47. Rd5+ Kf6 48. Ke4 Re6+ 49. Kd4 Re1 50. h4 g4 51. Rxh5 Rg1 52. c5 Rxg3 53. c6 Rg1 54. c7 Rc1 55. Rc5 Rd1+ 56. Ke3 1-0

[Event "Ulm/Neu Ulm-ch"]
[Site "Ulm/Neu Ulm"]
[Date "2008.09.19"]
[Round "1"]
[White "Napierala, Jascha"]
[Black "Heinrich, Klaus"]
[Result "0-1"]
[WhiteElo "790"]
[BlackElo "1710"]
[PlyCount "38"]
[EventDate "2008.09.19"]
[EventType "swiss"]
[EventRounds "7"]
[EventCountry "GER"]
[SourceTitle "EXT 2011"]
[Source "ChessBase"]
[SourceDate "2010.11.26"]
[SourceVersion "1"]
[SourceVersionDate "2010.11.26"]
[SourceQuality "1"]

1. e4 d5 2. d4 dxe4 3. Nc3 Nf6 4. Bg5 Bf5 5. Bxf6 exf6 6. Bc4 Bd6 7. Bd5 Nc6 8. Nxe4 Bb4+ 9. c3 Qxd5 10. f3 Bxe4 11. fxe4 Qxe4+ 12. Ne2 Bd6 13. 0-0 0-0 14. Rf3 Rae8 15. Ng3 Bxg3 16. Rxg3 Ne7 17. Qh5 Ng6 18. Rh3 Nf4 19. Qh4 Qxg2# 0-1

[Event "Ulm/Neu Ulm-ch"]
[Site "Ulm/Neu Ulm"]
[Date "2007.12.30"]
[Round "6"]
[White "Heinrich, Klaus"]
[Black "Rix, Michael"]
[Result "1-0"]
[WhiteElo "1806"]
[BlackElo "1617"]
[PlyCount "72"]
[EventDate "2007.09.21"]
[EventType "swiss"]
[EventRounds "7"]
[EventCountry "GER"]
[SourceTitle "EXT 2011"]
[Source "ChessBase"]
[SourceDate "2010.11.26"]
[SourceVersion "1"]
[SourceVersionDate "2010.11.26"]
[SourceQuality "1"]

1. f4 d5 2. Nf3 c5 3. e3 g6 4. c3 Bg7 5. d4 cxd4 6. exd4 Nf6 7. Ne5 0-0 8. Nd2 Bf5 9. Qf3 Ne4 10. Bd3 Nxd2 11. Bxd2 Bxd3 12. Qxd3 f6 13. Ng4 e5 14. dxe5 fxe5 15. Nxe5 Bxe5 16. fxe5 Nc6 17. 0-0-0 Nxe5 18. Qd4 Nc6 19. Qc5 Qa5 20. Qxa5 Nxa5 21. Bh6 Rfd8 22. Rd3 Kf7 23. Re1 Rac8 24. Re5 Nc6 25. Rexd5 Rxd5 26. Rxd5 Ke6 27. Rb5 Rc7 28. Kd2 a6 29. Rg5 Ne5 30. Rg3 Rd7+ 31. Kc2 Kf5 32. Bf8 Ke4 33. Rh3 b6 34. Bh6 Ng4 35. Rh4 Kf5 36. Bc1 Nf2 1-0

[Event "Ulm/Neu Ulm-ch"]
[Site "Ulm/Neu Ulm"]
[Date "2007.09.21"]
[Round "1"]
[White "Loos, Tobias"]
[Black "Heinrich, Klaus"]
[Result "0-1"]
[WhiteElo "1352"]
[BlackElo "1806"]
[PlyCount "62"]
[EventDate "2007.09.21"]
[EventType "swiss"]
[EventRounds "7"]
[EventCountry "GER"]
[SourceTitle "EXT 2011"]
[Source "ChessBase"]
[SourceDate "2010.11.26"]
[SourceVersion "1"]
[SourceVersionDate "2010.11.26"]
[SourceQuality "1"]

1. b3 f5 2. Bb2 Nf6 3. c4 e6 4. e3 Be7 5. Nf3 0-0 6. d3 b6 7. Be2 Bb7 8. 0-0 c5 9. Nbd2 Nc6 10. a3 Qc7 11. Qc2 Rae8 12. d4 cxd4 13. exd4 Ng4 14. h3 Nh6 15. Rfe1 Bf6 16. Bd3 Ne7 17. Rad1 Ng6 18. g3 Ba8 19. Bf1 Nf7 20. Bg2 Rc8 21. b4 Nd6 22. c5 Ne4 23. Nxe4 Bxe4 24. Qd2 Qb7 25. Qe2 bxc5 26. bxc5 Bd5 27. Rc1 Rb8 28. Ba1 Qa8 29. Qf1 Bxf3 30. Bxf3 Qxf3 31. Re3 Qd5 0-1

[Event "Ulm/Neu Ulm-ch"]
[Site "Ulm/Neu Ulm"]
[Date "2006.10.20"]
[Round "3"]
[White "Spaeth, Daniel"]
[Black "Heinrich, Klaus"]
[Result "1-0"]
[WhiteElo "1686"]
[BlackElo "1824"]
[PlyCount "75"]
[EventDate "2006.09.22"]
[EventType "swiss"]
[EventRounds "7"]
[EventCountry "GER"]
[SourceTitle "EXT 2011"]
[Source "ChessBase"]
[SourceDate "2010.11.26"]
[SourceVersion "1"]
[SourceVersionDate "2010.11.26"]
[SourceQuality "1"]

1. e4 d5 2. exd5 Nf6 3. Bb5+ Nbd7 4. c4 a6 5. Ba4 b5 6. Bb3 bxc4 7. Bxc4 Bb7 8. Nc3 Nb6 9. Qb3 Rb8 10. Nf3 Nxc4 11. Qxc4 Nxd5 12. Ne5 Qd6 13. Qa4+ c6 14. d4 f6 15. Nc4 Qe6+ 16. Ne3 Kf7 17. 0-0 h5 18. Nexd5 cxd5 19. Bf4 Rc8 20. Rfe1 Qf5 21. Qb3 Bc6 22. Bd2 g5 23. Qb6 h4 24. Qxa6 h3 25. g3 Bb7 26. Qxb7 Rxc3 27. Bxc3 Qf3 28. Kf1 g4 29. Qd7 Rh5 30. Qe6+ Kg7 31. Qe3 Qg2+ 32. Ke2 Kf7 33. a4 Bh6 34. Qd3 e6 35. Rg1 Qxh2 36. Qh7+ Kf8 37. Bb4+ Ke8 38. Qe7# 1-0

[Event "Ulm/Neu Ulm-ch"]
[Site "Ulm/Neu Ulm"]
[Date "2005.??.??"]
[Round "?"]
[White "Heinrich, Klaus"]
[Black "Hoffart, Alexander"]
[Result "0-1"]
[WhiteElo "1852"]
[BlackElo "1899"]
[PlyCount "98"]
[EventDate "2005.11.26"]
[EventType "swiss"]
[EventRounds "7"]
[EventCountry "GER"]
[SourceTitle "EXT 2011"]
[Source "ChessBase"]
[SourceDate "2010.11.26"]
[SourceVersion "1"]
[SourceVersionDate "2010.11.26"]
[SourceQuality "1"]

1. f4 e5 2. fxe5 d6 3. Nf3 dxe5 4. e4 Bc5 5. Bb5+ Bd7 6. Qe2 Qe7 7. Nc3 Bxb5 8. Qxb5+ c6 9. Qe2 Nd7 10. d3 Ngf6 11. Bd2 0-0 12. Nh4 Qe6 13. h3 g6 14. g4 Kg7 15. Qg2 Rh8 16. Nf5+ Kg8 17. Nh6+ Kg7 18. h4 Ng8 19. Nf5+ Kf8 20. Nh6 Ke8 21. 0-0-0 Nxh6 22. Bxh6 Nf6 23. Qg3 Nxg4 24. Bg7 Rg8 25. Bxe5 Nf2 26. Na4 Nxh1 27. Rxh1 Be7 28. b3 f6 29. Bb2 b5 30. Nc3 Bd6 31. Qe3 Ke7 32. d4 Rgf8 33. d5 Qg4 34. Kb1 b4 35. Na4 Qf4 36. Qh3 cxd5 37. exd5 Qe4 38. Rd1 Rac8 39. Rd3 Qe1+ 40. Bc1 Bf4 41. Qe6+ Qxe6 42. dxe6 Bxc1 43. Kxc1 Rc6 44. Rd7+ Kxe6 45. Rb7 Rfc8 46. c3 bxc3 47. Rxa7 Rd8 48. Rxh7 Rd2 49. Nxc3 Rh2 0-1

[Event "Ulm/Neu Ulm-ch"]
[Site "Ulm/Neu Ulm"]
[Date "2005.??.??"]
[Round "?"]
[White "Sauer, Andreas"]
[Black "Heinrich, Klaus"]
[Result "1-0"]
[WhiteElo "1920"]
[BlackElo "1852"]
[PlyCount "101"]
[EventDate "2005.11.26"]
[EventType "swiss"]
[EventRounds "7"]
[EventCountry "GER"]
[SourceTitle "EXT 2011"]
[Source "ChessBase"]
[SourceDate "2010.11.26"]
[SourceVersion "1"]
[SourceVersionDate "2010.11.26"]
[SourceQuality "1"]

1. d4 d5 2. c4 e6 3. Nc3 f5 4. cxd5 exd5 5. Bf4 c6 6. e3 Nf6 7. Bd3 Bd6 8. Bxd6 Qxd6 9. Nf3 0-0 10. 0-0 Ne4 11. Qc2 Nd7 12. Rac1 Rf6 13. a3 a5 14. Na4 Rh6 15. h3 g5 16. Bxe4 fxe4 17. Nxg5 Qg6 18. f4 Rh5 19. h4 Rxh4 20. Qf2 Qh5 21. Qg3 Nf6 22. Nxe4+ Kf7 23. Nxf6 Kxf6 24. Qg5+ Kf7 25. Nb6 Rb8 26. Qxh5+ Rxh5 27. Rc5 Bf5 28. Rxa5 Ke6 29. Ra7 Bd3 30. Rd1 Be4 31. Na4 Kf5 32. Nc5 Bxg2 33. Kxg2 Rg8+ 34. Kf3 Rh3+ 35. Ke2 Rgg3 36. Rxb7 Rxe3+ 37. Kd2 Kxf4 38. Rf1+ Kg5 39. Rg1+ Kh6 40. Rc7 Ref3 41. Rxc6+ Kh5 42. Re6 Rf4 43. Re5+ Kh4 44. Ne6 Rf2+ 45. Re2 Rff3 46. Ng5 Rd3+ 47. Kc2 Rhg3 48. Rxg3 Rxg3 49. Nxh7 Rg7 50. Nf6 Rc7+ 51. Kd3 1-0

[Event "Ulm/Neu Ulm-ch"]
[Site "Ulm/Neu Ulm"]
[Date "2005.??.??"]
[Round "?"]
[White "Sauter, Berthold"]
[Black "Heinrich, Klaus"]
[Result "0-1"]
[WhiteElo "1453"]
[BlackElo "1852"]
[PlyCount "48"]
[EventDate "2005.11.26"]
[EventType "swiss"]
[EventRounds "7"]
[EventCountry "GER"]
[SourceTitle "EXT 2011"]
[Source "ChessBase"]
[SourceDate "2010.11.26"]
[SourceVersion "1"]
[SourceVersionDate "2010.11.26"]
[SourceQuality "1"]

1. c4 f5 2. Nf3 Nf6 3. Nc3 e6 4. e3 d5 5. cxd5 exd5 6. d4 c6 7. Bd3 Bd6 8. Qc2 Ne4 9. Qe2 Nd7 10. Nd2 0-0 11. Nf3 a5 12. a4 Qe7 13. 0-0 Rf6 14. g3 Rh6 15. Kg2 Ndf6 16. Rh1 Ng4 17. Bxe4 fxe4 18. Ng1 Bf5 19. h3 Nf6 20. Bd2 Rf8 21. Rf1 Rg6 22. Be1 Qc7 23. f4 exf3+ 24. Qxf3 Ne4 0-1

[Event "Ulm/Neu Ulm-ch"]
[Site "Ulm/Neu Ulm"]
[Date "2005.??.??"]
[Round "?"]
[White "Smolny, Frieder"]
[Black "Heinrich, Klaus"]
[Result "1-0"]
[WhiteElo "1504"]
[BlackElo "1852"]
[PlyCount "51"]
[EventDate "2005.11.26"]
[EventType "swiss"]
[EventRounds "7"]
[EventCountry "GER"]
[SourceTitle "EXT 2011"]
[Source "ChessBase"]
[SourceDate "2010.11.26"]
[SourceVersion "1"]
[SourceVersionDate "2010.11.26"]
[SourceQuality "1"]

1. e4 d5 2. exd5 Nf6 3. d4 Qxd5 4. Nc3 Qa5 5. Bd2 c6 6. Nf3 Bf5 7. Nh4 Bg6 8. Nxg6 hxg6 9. Bc4 e6 10. Qe2 Bb4 11. 0-0-0 Nbd7 12. a3 Bxc3 13. Bxc3 Qg5+ 14. Kb1 Qxg2 15. Bxe6 fxe6 16. Qxe6+ Kd8 17. d5 Nxd5 18. Ba5+ Kc8 19. Rhe1 N5b6 20. Bxb6 axb6 21. Qxd7+ Kb8 22. Re7 c5 23. Re8+ Rxe8 24. Qxe8+ Ka7 25. Qa4+ Kb8 26. Rd8+ 1-0

[Event "GER-ch Seniors 12th"]
[Site "Bad Homburg"]
[Date "2000.08.06"]
[Round "9"]
[White "Fischbach, Horst"]
[Black "Heinrich, Klaus"]
[Result "1/2-1/2"]
[WhiteElo "1815"]
[BlackElo "1654"]
[PlyCount "92"]
[EventDate "2000.07.29"]
[EventType "swiss"]
[EventRounds "9"]
[EventCountry "GER"]
[SourceTitle "EXT 2002"]
[Source "ChessBase"]
[SourceDate "2001.11.25"]
[SourceVersion "1"]
[SourceVersionDate "2001.11.25"]
[SourceQuality "1"]

1. d4 d5 2. c4 e6 3. Nc3 Nf6 4. f3 c5 5. cxd5 Nxd5 6. e3 Nc6 7. Bb5 cxd4 8. exd4 Bd7 9. Nge2 Bd6 10. Nxd5 exd5 11. 0-0 Ne7 12. Bd3 0-0 13. Bg5 f6 14. Bd2 Qb6 15. a3 Rac8 16. b4 Nf5 17. Kh1 Kh8 18. Bxf5 Bxf5 19. Bf4 Rfe8 20. Bxd6 Qxd6 21. Ng3 Bg6 22. Rc1 b6 23. Qd2 h5 24. Kg1 Qd7 25. Qf4 Qe7 26. Rxc8 Rxc8 27. Nf5 Qc7 28. Qxc7 Rxc7 29. Ne3 Bf7 30. Kf2 g6 31. Ra1 Kg8 32. Ra2 Kf8 33. Ke2 Ke7 34. Kd2 Be6 35. a4 Kd6 36. b5 Bd7 37. Rc2 Rb7 38. Rb2 Rc7 39. Kd3 Rc8 40. Rc2 Ra8 41. Rb2 Rb8 42. Kd2 g5 43. h3 f5 44. Nd1 Rc8 45. Rb4 f4 46. Nf2 Bf5 1/2-1/2

[Event "Passau op 5th"]
[Site "Passau"]
[Date "1997.??.??"]
[Round "1"]
[White "Heinrich, Klaus"]
[Black "Unzicker, Ferdinand"]
[Result "0-1"]
[WhiteElo "1865"]
[BlackElo "2290"]
[PlyCount "56"]
[EventDate "1997.05.??"]
[EventType "swiss"]
[EventRounds "7"]
[EventCountry "GER"]
[SourceTitle "EXT 2001"]
[Source "ChessBase"]
[SourceDate "2000.11.22"]
[SourceVersion "1"]
[SourceVersionDate "2000.11.22"]
[SourceQuality "1"]

1. f4 d5 2. e3 g6 3. Nf3 Bg7 4. d4 Nf6 5. Bd3 0-0 6. Nbd2 e6 7. c3 Nc6 8. Ng5 Ne7 9. Qf3 Nf5 10. g4 Nd6 11. h4 h5 12. gxh5 Nxh5 13. Nf1 Nf5 14. Bxf5 exf5 15. Ng3 Nf6 16. h5 c5 17. dxc5 b6 18. c6 Ba6 19. hxg6 fxg6 20. Ne6 Qd6 21. Nxf8 Rxf8 22. Bd2 Qxc6 23. Rg1 Qb5 24. b3 Ng4 25. 0-0-0 Qd3 26. Nf1 Rc8 27. Kb2 Rxc3 28. a4 Rxb3+ 0-1